000
00267nam a22000977a 4500
008
240220b |||||||| |||| 00| 0 eng d
082
_a
920.72
_b
D87c
100
1
0
_a
Durán, Renata
_e
autor
_9
43470
245
_a
Cuatro mujeres imprescindibles /
_c
Renata Durán
942
_2
ddc
999
_c
30669
_d
17053